| 000 | 00574nam a2200181 a 4500 | ||
|---|---|---|---|
| 005 | 20210223122737.0 | ||
| 008 | 991125s1973 mx 000 0 spa u | ||
| 035 | _aUPN01000040960 | ||
| 049 | _aCG | ||
| 050 | 4 |
_aHD2791 _bB3.58 |
|
| 100 | 1 | _aBarber, Richard J. | |
| 245 | 1 | 0 |
_aNegocios multinacionales : _bsu poder, su política, su dinero / _cRichard J. Barber ; tr. de José Francisco Villarreal. |
| 260 |
_aMéxico : _bEDAMEX, _c1973. |
||
| 300 | _a373 p. | ||
| 440 | 0 | _aActualidad político social | |
| 650 | 4 |
_aCORPORACIONES - _zESTADOS UNIDOS _910745 |
|
| 905 | _aLibro | ||
| 999 |
_c40960 _d40960 |
||